000
00455nam a2200181Ia 4500
008
090124s9999 xx 000 0 und d
082
_b
116606
100
_a
साठे भा.स.
245
_a
दोन दिवे
250
_a
1
260
_c
1970
300
_a
90
600
_a
साठे भा.स.
630
_a
दोन दिवे
700
_a
साठे भा.स.
730
_a
दोन दिवे
942
_c
BOOK
999
_c
162692
_d
162692